কাদম্বরী : (Record no. 49336)
[ view plain ]
| 000 -LEADER | |
|---|---|
| fixed length control field | 01237nam a2200265 a 4500 |
| 001 - CONTROL NUMBER | |
| control field | 49336 |
| 003 - CONTROL NUMBER IDENTIFIER | |
| rucl marc code | BD-RjUL |
| 005 - DATE AND TIME OF LATEST TRANSACTION | |
| control field | 20211209054651.0 |
| 008 - FIXED-LENGTH DATA ELEMENTS--GENERAL INFORMATION | |
| fixed length control field | 160820s1976 II ||||| |||| 00| 0 ben d |
| 020 ## - INTERNATIONAL STANDARD BOOK NUMBER | |
| Terms of availability | : IRs. 6.00 |
| 035 ## - SYSTEM CONTROL NUMBER | |
| System control number | (BD-RjUL)49455 |
| 040 ## - CATALOGING SOURCE | |
| Original cataloging agency | BD-RjUL |
| Language of cataloging | ben |
| Transcribing agency | BD-RjUL |
| 041 ## - LANGUAGE CODE | |
| Language code of text/sound track or separate title | ben |
| 082 ## - DEWEY DECIMAL CLASSIFICATION NUMBER | |
| Edition number | 23 |
| Classification number | 891.23 |
| Author mark and year | BAK 1976 |
| 100 1# - MAIN ENTRY--PERSONAL NAME | |
| Personal name | বাণভট্ট |
| 9 (RLIN) | 148000 |
| 245 10 - TITLE STATEMENT | |
| Title | কাদম্বরী : |
| Remainder of title | (শুকনাসোপদেশঃ) / |
| Statement of responsibility, etc. | বাণভট্ট ; সম্পাদক: নীরদবরণ ভট্টাচার্য ; উপক্রমণিকা: প্রবোধচন্দ্র লাহিড়ী |
| 250 ## - EDITION STATEMENT | |
| Edition statement | ১ম প্রকাশ |
| 260 ## - PUBLICATION, DISTRIBUTION, ETC. (IMPRINT) | |
| Place of publication, distribution, etc. | কলিকাতা : |
| Name of publisher, distributor, etc. | সংস্কৃত পুস্তক ভাণ্ডার, |
| Date of publication, distribution, etc. | ১৯৭৬ |
| 300 ## - PHYSICAL DESCRIPTION | |
| Pagination | xxxiii, ৮৬ পৃ. ; |
| Illustrations | ১৮ সেমি. |
| 650 ## - SUBJECT ADDED ENTRY--TOPICAL TERM | |
| Topical term or geographic name as entry element | সংস্কৃত উপন্যাস |
| 9 (RLIN) | 148001 |
| Topical term or geographic name as entry element | Sanskrit Fiction |
| 9 (RLIN) | 148002 |
| 700 ## - ADDED ENTRY--PERSONAL NAME | |
| Personal name | ভট্টাচার্য, নীরদবরণ, সম্পাদক |
| Personal name | লাহিড়ী, প্রবোধচন্দ্র, উপক্রমণিকার |
| 942 ## - ADDED ENTRY ELEMENTS (KOHA) | |
| Source of classification or shelving scheme | Dewey Decimal Classification |
| Koha item type | Books |
| Lost status | Source of classification or shelving scheme | Damaged status | Not for loan | Collection code | Permanent Location | Current Location | Shelving location | Date acquired | Source of acquisition | Cost, normal purchase price | Total Checkouts | Full call number | Date last seen | Copy number | Koha item type |
|---|---|---|---|---|---|---|---|---|---|---|---|---|---|---|---|
| Dewey Decimal Classification | Fiction | Central Library, University of Rajshahi | Central Library, University of Rajshahi | 16/09/1981 | Indian Int., Calautta | 6.00 | B 891.23 BAK 1976 | 20/08/2016 | C-2 | Books |